000
00318 a2200145 4500
001
154942
040
_c
Escola São Tomás de Aquino
240
1
0
_a
Buriti Geografia
_l
por
245
1
0
_a
Buriti Geografia
300
_a
136
362
0
_a
2015
440
1
_a
Moderna
697
_a
GEOGRAFIA GERAL / VIAGENS
942
_c
BK
999
_c
154942
_d
154942